| 000 | 00516nam a2200193Ia 4500 | ||
|---|---|---|---|
| 005 | 20250423100925.0 | ||
| 008 | 250422s9999 xx 000 0 und d | ||
| 020 | _a9781475781533 | ||
| 050 | _aRD 732.3 .O33/ | ||
| 100 | _aOgden, John A. | ||
| 245 | 0 | _aSkeletal injury in the child. Volume 1. | |
| 250 | _a3rd ed. | ||
| 260 | _aNew York | ||
| 260 | _bSpringer | ||
| 260 | _c2000 | ||
| 300 | _a418 p | ||
| 650 | _aBone and Bones--injuries. Bone Development. Fractures--in infancy & childhood. | ||
| 942 | _cBK | ||
| 999 |
_c34754 _d34754 |
||